000 00652cam a22002291 4500
001 sa 65010188
003 DLC
005 20260227112207.0
008 950321s1961 io 000 0beng
010 _asa 65010188
025 _aPL480:Indo-1564
035 _a(OCoLC)32181187
040 _aDLC
_cWU
_dDLC
041 1 _aeng
_hund
042 _apremarc
050 0 0 _aDT663.L8
_bW4
245 0 0 _aWe are all Lumumba.
_c[Translated into English by Bintang Suradi.
260 _aDjakarta]
_bLeague of People's Culture
_c[1961?]
300 _a14 p.
_c22 cm.
600 1 0 _aLumumba, Patrice,
_d1925-1961.
600 1 0 _aLumumba, Patrice,
_d1925-1961
_vPoetry.
999 _c66607
_d66607